Unravelling Export Potential in Trade Cooperation: The Case of Slovakia in Ukraine
EÚ zintenzívnila svoje snahy o posilnenie spolupráce s Ukrajinou z dôvodu jej rastúceho geostrategického významu, silnej vzájomnej prepojenosti a hospodárskej a investičnej angažovanosti. V júni 2022 EÚ označila Ukrajinu za kandidátsku krajinu na členstvo v EÚ. Cieľom príspevku je preskúmať potenciá...
Enregistré dans:
| Auteur principal: | |
|---|---|
| Autres auteurs: | , |
| Format: | Chapitre de livre |
| Langue: | anglais |
| Sujets: | |
| Tags: |
Pas de tags, Soyez le premier à ajouter un tag!
|
MARC
| LEADER | 00000naa a2200000 4500 | ||
|---|---|---|---|
| 001 | 0304635 | ||
| 005 | 20241127092104.0 | ||
| 041 | 0 | |a eng | |
| 044 | |a SK | ||
| 245 | 1 | 0 | |a Unravelling Export Potential in Trade Cooperation: The Case of Slovakia in Ukraine |c Vladyslav Bato, Elena Kašťáková, Anabela Luptáková |
| 520 | |a EÚ zintenzívnila svoje snahy o posilnenie spolupráce s Ukrajinou z dôvodu jej rastúceho geostrategického významu, silnej vzájomnej prepojenosti a hospodárskej a investičnej angažovanosti. V júni 2022 EÚ označila Ukrajinu za kandidátsku krajinu na členstvo v EÚ. Cieľom príspevku je preskúmať potenciál obchodnej spolupráce medzi Slovenskom a Ukrajinou na základe vývoja zahraničného obchodu a vybraných jednofaktorových ukazovateľov zahraničného obchodu a určiť ďalšie oblasti možnej obchodnej spolupráce. Článok je založený na obchodnej analýze s empirickými metodológiami z indexov RCA a Grubel Lloyd. Napriek existujúcim prekážkam zintenzívnenia obchodných vzťahov je pre Slovensko príležitosť naplniť nevyužitý exportný potenciál v daných skupinách tovarov ako sú vozidlá, guma, elektrické stroje, ale aj zbrane a munícia vo svetle nedávnych zmien a pod. Okrem toho by užšia spolupráca mohla posilniť bilaterálne vzťahy medzi týmito dvoma regiónmi. | ||
| 610 | 2 | 0 | |a spolupráca medzinárodná |
| 610 | 2 | 0 | |a spolupráca cezhraničná |
| 610 | 2 | 0 | |a vývoz |
| 610 | 2 | 0 | |a Slovensko |
| 610 | 2 | 0 | |a Ukrajina |
| 100 | 1 | |a Bato, Vladyslav, 2000- | |
| 700 | 1 | |a Kašťáková, Elena, 1974- | |
| 700 | 1 | |a Luptáková, Anabela, 1995- | |